00600nam a2200205Ia 4500003000400000005001700004008004100021040003200062041000800094082001500102100002300117245008600140260003100226300002800257504002200285650002300307650001900330650001900349700002600368OSt20230510164254.0230417t1949||||xx |||||||||||||| ||und|| aODONTObspacODONTOdODONTO aspa a616.5 S967 1a Sutton, Richard L 0aHandbook of diseases of the skin /cRichard L. Sutton and Richard L. Sutton Jr.-- aSt. Louis :bMosby,c1949. a749 p. :bil. ;c23 cm. aIndex: p. 721-74902aPielxEnfermedades02aDermatología02aDermatomicosis0 aSutton, Richard L Jr.